Countries Most Similar To Switzerland - Statistics

General Stats
  • This quiz has been taken 171 times
  • The average score is 16 of 20
Answer Stats
Rank Country Score % Correct
4 France 75.4
96%
2 Germany 78.9
96%
1 Austria 82.6
95%
12 Italy 71.4
93%
7 Norway 73.3
85%
9 Sweden 73
85%
5 Belgium 75.2
82%
6 Netherlands 73.6
81%
11 Denmark 71.7
80%
16 Spain 68.8
80%
3 Luxembourg 78.1
77%
20 Finland 67.3
76%
17 UK 68.5
76%
13 Slovenia 71.4
73%
10 Slovakia 71.9
71%
15 Poland 69
67%
19 Hungary 68.1
66%
8 Czechia 73.1
64%
18 Croatia 68.5
63%
14 Canada 69.4
48%
No matching quizzes found
Score Distribution
Percent of People with Each Score
Percentile by Number Answered
Your Score History
You have not taken this quiz